EXPLORING POSITIVE RELATIONSHIPS AT WORK (Record no. 23611)

MARC details
000 -LEADER
fixed length control field 00323nam a2200133Ia 4500
008 - FIXED-LENGTH DATA ELEMENTS--GENERAL INFORMATION
fixed length control field 240624s9999 xx 000 0 und d
041 ## - LANGUAGE CODE
Language code of text/sound track or separate title eng
082 ## - DEWEY DECIMAL CLASSIFICATION NUMBER
Classification number 658.3 DUT
100 ## - MAIN ENTRY--PERSONAL NAME
Personal name DUTTON JANE E
245 ## - TITLE STATEMENT
Title EXPLORING POSITIVE RELATIONSHIPS AT WORK
260 ## - PUBLICATION, DISTRIBUTION, ETC.
Date of publication, distribution, etc. 2006
Place of publication, distribution, etc. Press,2006
300 ## - PHYSICAL DESCRIPTION
Extent 448 : p.
365 ## - TRADE PRICE
Currency code GBP
Price amount 30
Holdings
Withdrawn status Lost status Damaged status Not for loan Home library Current library Shelving location Date acquired Source of acquisition Cost, normal purchase price Full call number Barcode Date last seen Copy number Price effective from Koha item type
        IMTN IMTN Rack 24-B 10/30/2014 IBH 40.99 658.3 DUT 23611 06/24/2024 105.1 06/24/2024 Books
Designed & Maintained by: LRC IMT Nagpur Contact: lrc@imtnag.ac.in© 2024. All Rights Reserved.